Fuchsian groups /
Guardado en:
| Autor Principal: | |
|---|---|
| Formato: | Libro |
| Idioma: | English |
| Publicado: |
Chicago :
University of Chicago Press,
c1992.
|
| Series: | Chicago lectures in mathematics.
|
| Materias: | |
| Acceso en línea: | Publisher description Table of contents only Contributor biographical information |
| Etiquetas: |
Agregar Etiqueta
Sin Etiquetas, Sea el primero en etiquetar este registro!
|
| LEADER | 01131pam a2200277 a 4500 | ||
|---|---|---|---|
| 001 | MAT.inmabb003996 | ||
| 008 | 920131s1992####ilua#####b####001#0#eng## | ||
| 005 | 20130304000630.0 | ||
| 245 | 1 | 0 | |a Fuchsian groups / |c Svetlana Katok. |
| 260 | |a Chicago : |b University of Chicago Press, |c c1992. | ||
| 300 | |a x, 175 p. : |b il. ; |c 21 cm. | ||
| 490 | 1 | |a Chicago lectures in mathematics series | |
| 504 | |a Incluye referencias bibliográficas (p. 167-168) e índice. | ||
| 510 | 4 | |a MR, |c 93d:20088 | |
| 020 | |a 0226425827 (cloth : alk. paper) | ||
| 020 | |a 0226425835 (paper :alk. paper) | ||
| 100 | 1 | |a Katok, Svetlana. | |
| 830 | 0 | |a Chicago lectures in mathematics. | |
| 650 | 0 | |a Fuchsian groups. | |
| 084 | |a 20H10 (30F35) |2 msc2000 | ||
| 010 | |a 92006535 | ||
| 040 | |a DLC |c DLC |d DLC | ||
| 856 | 4 | 2 | |3 Publisher description |u http://www.loc.gov/catdir/description/uchi051/92006535.html |
| 856 | 4 | 1 | |3 Table of contents only |u http://www.loc.gov/catdir/enhancements/fy0608/92006535-t.html |
| 856 | 4 | 2 | |3 Contributor biographical information |u http://www.loc.gov/catdir/enhancements/fy0609/92006535-b.html |
| 859 | |h 20 |i K19 |p A-8411 |b BIB. MATEMATICA | ||
